| Поле | Инд. | ПП | Название | Значение |
|---|---|---|---|---|
| Тип записи | a | |||
| Библиографический уровень | m | |||
| 001 | Контрольный номер | RU/LIBMSTU/307549532 | ||
| 005 | Дата корректировки | 20160127104206.8 | ||
| 008 | Кодируемые данные | 090930|||||||||ru |||||||||||000|||rus|| | ||
| 020 | a | ISBN | 978-5-86185-454-2 | |
| c | Цена, тираж | 885-21 | ||
| 040 | b | Код языка каталог. | rus | |
| 041 | a | Код языка текста | rus | |
| 084 | a | Индекс другой классификации/Индекс ББК | 28.08+26.2 | |
| 090 | a | Полочн. индекс | 28 | |
| x | Авторский знак | П 21 | ||
| 100 | 1_ | a | Автор | Пахомова Н. А. |
| 110 | 2_ | a | Организация/ юрисдикция | Мурманский государственный технический университет |
| 245 | 10 | a | Заглавие | Геохимия и геофизика биосферы |
| b | Продолж. заглавия | учеб. пособие [для вузов] | ||
| c | Ответственность | Федер. агентство по рыболовству, ФГОУ ВПО "Мурман. гос. техн. ун-т" | ||
| 260 | a | Место издания | Мурманск | |
| b | Издательство | Изд-во МГТУ | ||
| c | Дата издания | 2009 | ||
| 300 | a | Объем | 311 с. | |
| b | Иллюстрации/ тип воспроизводства | ил. | ||
| 500 | a | Примечание | Имеется электрон. аналог 2009 г. | |
| 504 | a | Библиография | Библиогр.: с. 306-311 | |
| 650 | a | Основная рубрика | Биосфера-Геохимия-Геофизика-Учебные издания для высших учебных заведений | |
| 653 | a | Ключевые слова | Биосфера | |
| a | Ключевые слова | Биоэкология | ||
| a | Ключевые слова | Геофизика | ||
| a | Ключевые слова | Геохимия | ||
| a | Ключевые слова | Загрязнение природной среды | ||
| a | Ключевые слова | Картирование территорий | ||
| a | Ключевые слова | Миграция химических элементов | ||
| a | Ключевые слова | Ноосфера | ||
| a | Ключевые слова | Шум | ||
| a | Ключевые слова | Эколого-геофизическое районирование | ||
| a | Ключевые слова | Электромагнитные поля | ||
| 700 | a | Другие авторы | Павлова Л. Г. | |
| 700 | 1_ | a | Другие авторы | Юрко О. Д. |
| 901 | t | Тип документа | m | |
| 952 | b | Гриф литературы для ВШ | Допущено Ученым советом МГТУ | |
| c | Вид литературы | учебное пособие |